Evolución de las clases sociales en Costa Rica: desaparece la clase media? /
Сохранить в:
| Главный автор: | |
|---|---|
| Формат: | Текст |
| Предметы: | |
| Метки: |
Добавить метку
Нет меток, Требуется 1-ая метка записи!
|
MARC
| LEADER | 00000 a a2200000 04500 | ||
|---|---|---|---|
| 001 | 44586 | ||
| 003 | |||
| 040 | |||
| 100 | |a Vega Martínez, Mylena | ||
| 245 | |a Evolución de las clases sociales en Costa Rica: desaparece la clase media? / |c Mylena Vega Martínez | ||
| 650 | |a CLASES SOCIALES | ||
| 650 | |a CLASE MEDIA | ||
| 650 | |a INGRESO | ||
| 650 | |a EMPLEO | ||
| 650 | |a EDUCACION | ||
| 650 | |a COMERCIO | ||
| 650 | |a URBANIZACION | ||
| 650 | |a COSTA RICA | ||
| 773 | |g páginas 157-181, cuadros, gráficos | ||
| 999 | |c 33932 |d 33932 | ||
